Suspended matter in the aquatic environment

Αποθηκεύτηκε σε:
Λεπτομέρειες βιβλιογραφικής εγγραφής
Κύριος συγγραφέας: Eisma, Doeke
Μορφή: Βιβλίο
Γλώσσα:English
Δημοσίευση: Berlin : Springer-Verlag, 1993
Ετικέτες: Προσθήκη ετικέτας
Δεν υπάρχουν, Καταχωρήστε ετικέτα πρώτοι!

MARC

LEADER 00000nam a2200000 i 4500
001 1/101598
008 950428s1993 eng d
020 |a 3-540-55825-x 
035 |l 10012170 
040 |a GR-MY-UA  |b gre  |e aacr 
041 0 |a eng 
100 1 |a Eisma, Doeke. 
245 1 0 |a Suspended matter in the aquatic environment /  |c D. Eisma 
260 |a Berlin :   |b Springer-Verlag,   |c 1993 
300 |a 315 p.  |b fig. 
504 |a Includes bibliographical references and index 
852 |a INST  |b LESVOS  |e 19950428  |h 551.4601 EIS  |p 005100000178  |q 005100000178  |t BK  |y 0 
909 |a Λ  |b 041040 
950 |a 019-1995-02-23